<?xml version="1.0" encoding="UTF-8"?>
<collection xmlns="http://www.loc.gov/MARC21/slim">
 <record>
  <leader>02080nam a22002297a 4500</leader>
  <controlfield tag="001">NCT_4_024185</controlfield>
  <controlfield tag="008">230311b        xxu||||| |||| 00| 0 vie d</controlfield>
  <datafield tag="999" ind1=" " ind2=" ">
   <subfield code="c">9191</subfield>
   <subfield code="d">9191</subfield>
  </datafield>
  <datafield tag="020" ind1=" " ind2=" ">
   <subfield code="c">115000</subfield>
   <subfield code="a">9786047259540</subfield>
  </datafield>
  <datafield tag="082" ind1="0" ind2="4">
   <subfield code="2">23rd ed.</subfield>
   <subfield code="a">363.7</subfield>
   <subfield code="b">Ng100</subfield>
  </datafield>
  <datafield tag="100" ind1="1" ind2=" ">
   <subfield code="a">Trần Thị Thu Nga</subfield>
  </datafield>
  <datafield tag="245" ind1="0" ind2="0">
   <subfield code="a">Bảo vệ môi trường :</subfield>
   <subfield code="b">Kinh nghiệm quốc tế và bài học cho Việt Nam</subfield>
   <subfield code="c">Trần Thị Thu Nga, Đoàn Thị Thuý Loan</subfield>
  </datafield>
  <datafield tag="260" ind1=" " ind2=" ">
   <subfield code="a">H.</subfield>
   <subfield code="b">Công an nhân dân</subfield>
   <subfield code="c">2023</subfield>
  </datafield>
  <datafield tag="300" ind1=" " ind2=" ">
   <subfield code="a">303 tr.</subfield>
   <subfield code="c">21 cm</subfield>
  </datafield>
  <datafield tag="520" ind1="3" ind2=" ">
   <subfield code="a">Cuốn sách trình bày tổng quan về các vấn đề môi trường toàn cầu như ô nhiễm, biến đổi khí hậu, suy giảm tài nguyên và đa dạng sinh học; đồng thời phân tích các chính sách, mô hình quản lý môi trường hiệu quả tại một số quốc gia phát triển. Trên cơ sở đó, tác giả đánh giá thực trạng công tác bảo vệ môi trường tại Việt Nam, chỉ ra những hạn chế trong khung pháp lý, cơ chế thực thi và nhận thức cộng đồng, từ đó đề xuất bài học kinh nghiệm quốc tế phù hợp để vận dụng vào điều kiện trong nước nhằm nâng cao hiệu quả quản lý và bảo vệ môi trường bền vững.</subfield>
  </datafield>
  <datafield tag="653" ind1=" " ind2=" ">
   <subfield code="a">Quản lý tài nguyên &amp; Môi trường</subfield>
  </datafield>
  <datafield tag="700" ind1="1" ind2=" ">
   <subfield code="a">Đoàn Thị Thuý Loan</subfield>
  </datafield>
  <datafield tag="942" ind1=" " ind2=" ">
   <subfield code="2">ddc</subfield>
   <subfield code="c">BK</subfield>
  </datafield>
  <datafield tag="952" ind1=" " ind2=" ">
   <subfield code="0">0</subfield>
   <subfield code="1">0</subfield>
   <subfield code="2">ddc</subfield>
   <subfield code="4">0</subfield>
   <subfield code="6">363_700000000000000_NG100</subfield>
   <subfield code="7">0</subfield>
   <subfield code="9">31091</subfield>
   <subfield code="a">000001</subfield>
   <subfield code="b">000001</subfield>
   <subfield code="d">2025-07-01</subfield>
   <subfield code="o">363.7 Ng100</subfield>
   <subfield code="p">MD.24046</subfield>
   <subfield code="r">2025-07-01</subfield>
   <subfield code="v">115000.00</subfield>
   <subfield code="w">2025-07-01</subfield>
   <subfield code="y">BK</subfield>
  </datafield>
  <datafield tag="952" ind1=" " ind2=" ">
   <subfield code="0">0</subfield>
   <subfield code="1">0</subfield>
   <subfield code="2">ddc</subfield>
   <subfield code="4">0</subfield>
   <subfield code="6">363_700000000000000_NG100</subfield>
   <subfield code="7">0</subfield>
   <subfield code="9">31092</subfield>
   <subfield code="a">000001</subfield>
   <subfield code="b">000001</subfield>
   <subfield code="d">2025-07-01</subfield>
   <subfield code="o">363.7 Ng100</subfield>
   <subfield code="p">MD.24047</subfield>
   <subfield code="r">2025-07-01</subfield>
   <subfield code="v">115000.00</subfield>
   <subfield code="w">2025-07-01</subfield>
   <subfield code="y">BK</subfield>
  </datafield>
  <datafield tag="952" ind1=" " ind2=" ">
   <subfield code="0">0</subfield>
   <subfield code="1">0</subfield>
   <subfield code="2">ddc</subfield>
   <subfield code="4">0</subfield>
   <subfield code="6">363_700000000000000_NG100</subfield>
   <subfield code="7">0</subfield>
   <subfield code="9">31093</subfield>
   <subfield code="a">000001</subfield>
   <subfield code="b">000001</subfield>
   <subfield code="d">2025-07-01</subfield>
   <subfield code="o">363.7 Ng100</subfield>
   <subfield code="p">MD.24048</subfield>
   <subfield code="r">2025-07-01</subfield>
   <subfield code="v">115000.00</subfield>
   <subfield code="w">2025-07-01</subfield>
   <subfield code="y">BK</subfield>
  </datafield>
  <datafield tag="980" ind1=" " ind2=" ">
   <subfield code="a">Thư viện Trường Đại học Nam Cần Thơ</subfield>
  </datafield>
 </record>
</collection>
